Wine Regions of Canada - Statistics

General Stats
  • This quiz has been taken 34 times
  • The average score is 4 of 21
Answer Stats
Answer Province Region Status % Correct
Niagara Peninsula ON Major
68%
Okanagan Valley BC Major
68%
Erie North Shore - Pelee Island ON Major
42%
Vancouver Island BC Major
37%
Prince Edward County ON Minor
32%
Fraser Valley BC Minor
26%
Outaouais (Ottawan) QC Minor
16%
Capitale QC Minor
11%
Centre Quebec QC Minor
11%
Gulf Islands BC Minor
11%
Laurentides (Laurentian) QC Minor
11%
Northumberland Shore NS Minor
11%
South Shore NS Minor
11%
Abitibi - Temiscamingue QC Minor
5%
Annapolis Valley - Bay of Fundy NS Minor
5%
Estrie QC Minor
5%
Lanaudiere QC Minor
5%
Monteregie QC Minor
5%
Similkameen Valley BC Minor
5%
Cape Breton Island NS Minor
0%
Chaudiere - Appalaches QC Minor
0%
No matching quizzes found
Score Distribution
Percent of People with Each Score
Percentile by Number Answered
Your Score History
You have not taken this quiz